000 00570nam a22001457a 4500
003 MACL
005 20170705130208.0
008 170705b xxu||||| |||| 00| 0 eng d
040 _cMACL
100 _aराय, डॉ. नन्‍दकुमार
_968055
245 _aकितना अकेला समय की अवधारणा..... और हम
260 _aनई दिल्‍ली
_bराष्‍ट्रीय हिन्‍दी साहित्‍य परिषद
_c125
650 _aकविताए
_967940
942 _2ddc
_cHIN
999 _c56707
_d56707